Optimizing the Delivery of Multiple Ecosystem Goods and Services in Agricultural Systems (Record no. 20495)
[ view plain ]
| 000 -LEADER | |
|---|---|
| fixed length control field | 00674nam a2200133Ia 4500 |
| 008 - FIXED-LENGTH DATA ELEMENTS--GENERAL INFORMATION | |
| fixed length control field | 220616s9999||||xx |||||||||||||| ||und|| |
| 022 ## - INTERNATIONAL STANDARD SERIAL NUMBER | |
| International Standard Serial Number | 16648714 |
| 100 ## - MAIN ENTRY--PERSONAL NAME | |
| Personal name | Evangelia G. Drakou||Maria A. Tsiafouli||Karl Ritz||Katarina Hedlund||Alberto Orgiazzi |
| 245 #0 - TITLE STATEMENT | |
| Title | Optimizing the Delivery of Multiple Ecosystem Goods and Services in Agricultural Systems |
| 546 ## - LANGUAGE NOTE | |
| Language note | English[eng] |
| 650 ## - SUBJECT ADDED ENTRY--TOPICAL TERM | |
| Topical term or geographic name entry element | soil biodiversity||pollination||perennial crops||scale||soil||high-value farmlands||conceptual frameworks |
| 856 ## - ELECTRONIC LOCATION AND ACCESS | |
| Uniform Resource Identifier | <a href="https://www.frontiersin.org/research-topics/3651/optimizing-the-delivery-of-multiple-ecosystem-goods-and-services-in-agricultural-systems#articles">https://www.frontiersin.org/research-topics/3651/optimizing-the-delivery-of-multiple-ecosystem-goods-and-services-in-agricultural-systems#articles</a> |
| 942 ## - ADDED ENTRY ELEMENTS (KOHA) | |
| Koha item type | E-Books |
| Withdrawn status | Lost status | Damaged status | Not for loan | Home library | Current library | Date acquired | Total Checkouts | Date last seen | Price effective from | Koha item type |
|---|---|---|---|---|---|---|---|---|---|---|
| Kerala University of Digital Sciences, Innovation and Technology Knowledge Centre | Kerala University of Digital Sciences, Innovation and Technology Knowledge Centre | 16/06/2022 | 16/06/2022 | 16/06/2022 | E-Books |